| 000 | 00510cam a2200169 a 4500 | ||
|---|---|---|---|
| 082 | 0 | 0 |
_a346.02 _bKAM _cL-31 P-54 |
| 110 | 1 |
_aPakistan. _97181 |
|
| 245 | 1 | 4 |
_aThe Contract Act (IX of 1872) / _cby Kameruddin Bin Abbas. |
| 250 | _a2nd ed. | ||
| 260 |
_aLahore : _bAll Pakistan Legal Decisions _c1962. |
||
| 300 |
_ax, 213 p. ; _c24 cm. |
||
| 526 |
_a0 _b0 _c0 _d346_020000000000000_KAM |
||
| 650 | 0 |
_aContracts _zPakistan. _937966 |
|
| 650 | 0 |
_aMCE _9379 |
|
| 700 | 1 |
_aAbbas Bin Kameruddin _937967 |
|
| 942 |
_2ddc _cBK |
||
| 999 |
_c542689 _d542689 |
||